| 000 | 01274cam a2200373 a 4500 | ||
|---|---|---|---|
| 003 | OSt | ||
| 005 | 20140310184421.0 | ||
| 008 | 060508s2005 nyu c 000 1 eng d | ||
| 010 | _a 2006274906 | ||
| 020 | _a0439651409 (pbk.) | ||
| 024 | 3 | _a9780439651400 | |
| 035 | _a(OCoLC)ocm62268655 | ||
| 040 |
_aBKX _cBKX _dBAKER _dVP@ _dDLC |
||
| 042 |
_alcac _alccopycat |
||
| 050 | 0 | 0 |
_aPZ 7 _b.K8369Pub 2005 |
| 100 | 1 | _aKorman, Gordon. | |
| 245 | 1 | 0 |
_aPublic enemies / _cGordon Korman. |
| 260 |
_aNew York : _bScholastic, _c2005. |
||
| 300 |
_a150 p. : _c20 cm. |
||
| 490 | 0 |
_aOn the run ; _vchase #5 |
|
| 521 | _aG5 | ||
| 526 | _c790 | ||
| 650 | 0 |
_aFugitives from justice _vJuvenile fiction. _926727 |
|
| 650 | 1 |
_aFugitives from justice _vFiction. _926728 |
|
| 650 | 1 |
_aAdventure and adventurers _vFiction. _926729 |
|
| 650 | 1 |
_aBrothers and sisters _vFiction. _926730 |
|
| 655 | 7 |
_aAdventure fiction. _2gsafd _93061 |
|
| 906 |
_a7 _bcbc _ccopycat _d2 _encip _f20 _gy-gencatlg |
||
| 942 |
_2lcc _cBK-SCHOLAS |
||
| 999 |
_c34243 _d34243 |
||